000 00311nam a2200133Ia 4500
008 220204s9999 xx 000 0 und d
082 _a028.289583
_bWAL
100 _aBlackwell, John
245 0 _aBiopolymers
260 _aNew York
_bAcademic
_c1973
650 _aBiopolymers
700 _aAlan G
942 _cBK
999 _c30129
_d30129